[Event "DSOL 03 Liga Gr-B 1st"]
[Site "Playchess.com INT"]
[Date "2020.07.23"]
[Round "5.4"]
[White "Paetsch, Hanno"]
[Black "Ullrich, Alfred"]
[Result "1-0"]
[WhiteElo "1753"]
[BlackElo "1356"]
[PlyCount "123"]
[EventDate "2020.06.22"]
[EventType "team-tourn (rapid)"]
[EventCountry "GER"]
[SourceTitle "EXT 2021"]
[Source "ChessBase"]
[SourceDate "2020.10.23"]
[SourceVersion "1"]
[SourceVersionDate "2020.10.23"]
[SourceQuality "1"]
[WhiteTeam "Eilenriede Weiss Blau"]
[BlackTeam "Bad Toelz"]
[WhiteTeamCountry "GER"]
[BlackTeamCountry "GER"]

1. d4 d5 2. Nf3 g6 3. Bf4 Bg7 4. c3 c6 5. Nbd2 Nf6 6. e3 Bf5 7. Be2 Qb6 8. Qb3 Nfd7 9. 0-0 Qxb3 10. Nxb3 b6 11. a4 a5 12. Nbd2 0-0 13. Rfc1 f6 14. Nh4 Be6 15. b4 g5 16. Bxb8 gxh4 17. Bf4 axb4 18. cxb4 Nb8 19. Bxb8 Raxb8 20. Rxc6 Kf7 21. Bh5+ Kg8 22. Rxe6 Rfc8 23. Rxe7 Bf8 24. Bf7+ Kh8 25. Rd7 Bxb4 26. Nf3 h3 27. Bxd5 hxg2 28. Kxg2 Rc2 29. Rxh7+ Kxh7 30. Be4+ Kh6 31. Bxc2 Rg8+ 32. Kh3 Rc8 33. Bf5 Ra8 34. Rg1 Be7 35. Bd7 Ra5 36. Bb5 Ra7 37. Nh4 Bd8 38. Rg8 Ra8 39. Nf5+ Kh7 40. Re8 Rb8 41. Bd3 Ra8 42. Ne7+ Kg7 43. Nc6 Kf7 44. Rxd8 Rxd8 45. Nxd8+ Ke7 46. Nc6+ Kd6 47. Nb4 Kc7 48. Nd5+ Kc6 49. Nxf6 Kd6 50. Kg4 Ke6 51. Kg5 Kd6 52. Kg6 Kc6 53. h4 b5 54. Bxb5+ Kd6 55. h5 Ke6 56. e4 Ke7 57. Kg7 Ke6 58. h6 Kd6 59. h7 Ke6 60. h8Q Ke7 61. Qf8+ Ke6 62. Bd7# 1-0